Municipios del Val d'Aran - Estadísticas

Estadísticas generales
  • Esta prueba ha sido intentada 17 veces
  • La puntuación promedio es 5 de 9
Estadísticas de respuestas
Respuesta % Correcto
Vielha e Mijaran
86%
Les
79%
Bossòst
71%
Naut Aran
64%
Canejan
50%
Es Bòrdes
43%
Bausen
36%
Vilamòs
36%
Arres
21%
No se encontraron pruebas coincidentes
Distribución de puntuación
Porcentaje de gente con cada puntuación
Porcentaje por número respondido
Historial de tus puntuaciones
No has intentado esta prueba.